| 000 | 00583nas a2200193 a 4500 | ||
|---|---|---|---|
| 001 | 000026471 | ||
| 003 | DLC | ||
| 005 | 20200930030236.0 | ||
| 008 | 110318c20099999dr tr1p 0 0spa d | ||
| 040 |
_aDO-SdBNP _bspa |
||
| 043 | _anwdr--- | ||
| 222 | 0 | _aDemocracia es participar | |
| 245 | 0 | 0 | _aDemocracia es participar. |
| 260 |
_aSanto Domingo : _bCentro de Estudios Sociales Padre Juan Montalvo, _c2009. |
||
| 300 |
_av. : _bil. ; _c28 cm. |
||
| 310 | _aCuatrimestral | ||
| 362 | 0 | _aNo. 90/91 (sep/dic 2009) | |
| 500 | _aCatalogación realizada a partir del fascículo 90/91 2009 | ||
| 999 |
_c25963 _d25963 |
||